Kürdistan üzerine yazılar (Record no. 8561)

MARC details
000 -BAŞLIK
Sabit Uzunlukta Kontrol Alanı 01205na a2200373 4500
001 - KONTROL NUMARASI
Denetim Alanı 13048
003 - KONTROL NUMARASI IDENTIFIER
Denetim Alanı MIRAKIL
005 - SON İŞLEM TARİHİ VE ZAMANI
Denetim Alanı 20181213155216.0
008 - SABİT-BOY VERİ ELEMANLARI - GENEL BİLGİLER
Sabit Uzunlukta Kontrol Alanı 160930b tu 000 0
020 ## - ULUSLARARASI STANDART KİTAP NUMARASI
Uluslararası Standart Kitap Numarası 9754702470
035 ## - SİSTEM KONTROL NUMARASI
Sistem Kontrol Numarası 13048
040 ## - KATALOGLAMA KAYNAK
Orijinal Kataloglama Ajansı Milas
Kataloglama Dili tur
Metne Dönüştürmek Ajansı TR-AnCHP
041 ## - DİL KODU
Metin / Ses Parça Veya Ayrı Başlığın Dil Kodu tur
082 ## - DEWEY ONLU SINIFLANDIRMA NUMARASI
Sınıflandırma Numarası 322.42095672
Ürün Numarası B68k 1993
090 ## - SINIFLAMA NUMARASI
Sınıflama Numarası 322.42095672 B68k 1993
100 ## - ANA GİRİŞ - KİŞİSEL İSİM
Kişisel Ad Bruinessen, Martin van
245 ## - BAŞLIK TABLOSU
Başlık Kürdistan üzerine yazılar
Sorumluluk Tablosu, Vb Martin van Bruinessen; çevirenler Nevzat Kıraç...[ve öte.]
250 ## - EDITION TABLOSU
Baskı Beyanı 2. bs.
260 ## - YAYIN, DAĞITIM, VB
Yayın, Dağıtım, Vb Yeri İstanbul
Yayıncı, Dağıtıcı, Vs Adı İletişim
Yayın, Dağıtım, Vb Tarihi 1993
300 ## - FİZİKSEL TANIM
Kapsam 373 s.
Boyutlar 20 sm.
440 ## - SERİSİ TABLOSU / KATMA GİRİŞİ - BAŞLIK
Başlık İletişim yayınları
Hacim / Ardışık Tanımı 161
490 ## - SERİSİ TABLOSU
Seri Beyanı Araştırma-İnceleme dizisi
Hacim / Ardışık Tanımı 31
650 ## - KONU KATMA GİRİŞ - TOPİKAL DÖNEM
Topikal Süreli Veya Coğrafi Ad Giriş Elemanı Kürt gerilla
Genel Alt Bölümü Siyasal yaşam
Coğrafi Alt Bölümü Kürdistan
650 ## - KONU KATMA GİRİŞ - TOPİKAL DÖNEM
Topikal Süreli Veya Coğrafi Ad Giriş Elemanı Nakşibendi tarikatı
Genel Alt Bölümü Tarih
Coğrafi Alt Bölümü Kürdistan
650 ## - KONU KATMA GİRİŞ - TOPİKAL DÖNEM
Topikal Süreli Veya Coğrafi Ad Giriş Elemanı Kürtler
Genel Alt Bölümü Siyaset ve yönetim
Coğrafi Alt Bölümü Kürdistan
650 ## - KONU KATMA GİRİŞ - TOPİKAL DÖNEM
Topikal Süreli Veya Coğrafi Ad Giriş Elemanı Kürtler
Genel Alt Bölümü Tarih
Kronolojik Alt Bölümü Araştırma
651 ## - KONU KATMA GİRİŞ - COĞRAFİ ADI
Coğrafi İsim Kürdistan
Genel Alt Bölümü Tarih
651 ## - KONU KATMA GİRİŞ - COĞRAFİ ADI
Coğrafi İsim Kürdistan
Genel Alt Bölümü Siyaset ve yönetim
Kronolojik Alt Bölümü Tarih
651 ## - KONU KATMA GİRİŞ - COĞRAFİ ADI
Coğrafi İsim Kürdistan
Genel Alt Bölümü Sosyal yaşam ve gelenekler
700 ## - KATMA GİRİŞ - KİŞİSEL İSİM
Kişisel Ad Kıraç, Nevzat
942 ## - EKLENDİ GİRİŞ ELEMANLARI (KOHA)
Sınıflandırma Veya Raf Düzeni Kaynak Dewey Decimal Classification
Koha Öğesi Türü Books
999 ## - SİSTEM KONTROL NUMARALARI (KOHA)
Koha Biblionumber 8561
Koha Biblioitemnumber 8561
657 ## - INDEX SÜRE - İŞLEVİ
-- Kürdistan İşçi Partisi (PKK)
657 ## - INDEX SÜRE - İŞLEVİ
-- Nakşibendi tarikatı
Holdings
Kalıcı Konum Mevcut Konum Edinme Tarihi Edinim Kaynak Toplam Check-Out'Lar Tam Çağrı Numarası Barkod Tarih Son Görülme İtibaren Geçerli Fiyatlar Koha Öğesi Türü
CHP Kütüphanesi CHP Kütüphanesi 08/04/2016 Bağış   322.42095672 B68k 1993 000624 08/04/2016 08/04/2016 Books